| 000 | 00795nam a2200253 i 4500 | ||
|---|---|---|---|
| 003 | DO-SdBNP | ||
| 005 | 20240604194808.0 | ||
| 007 | ta | ||
| 008 | 240510e190? dr aobc| |||| 00| 0 spa d | ||
| 040 |
_aDO-SdBNP _bspa _cBNPHU _erda |
||
| 082 | 4 |
_222 _bR173h |
|
| 100 | 1 |
_aRamírez Báez, Ramón O _942867 _eautor |
|
| 245 | 1 | 0 |
_aEl hombre y su medio: _bevolución e historia / |
| 264 |
_a[Santo Domingo] : _bSusaeta, _c[1984] |
||
| 300 |
_a295 páginas : _bilustraciones, fotografías, mapa ; _c25 cm. |
||
| 336 |
_2rdacontent _atexto _btxt |
||
| 337 |
_2rdamedia _asin mediación _bn |
||
| 338 |
_2rdacarrier _avolumen _bnc |
||
| 500 | _aEstudios Sociales 6. | ||
| 500 | _aGlosario. | ||
| 590 | _aInventariado 2024 / MF | ||
| 650 | 0 |
_aCiencias sociales _xLibro de texto _91065 |
|
| 942 |
_2ddc _cLBS1 |
||
| 999 |
_c56627 _d56627 |
||